Alergia e Inmunologia Clinica (Registro nro. 1050)

Detalles MARC
000 -LEADER
fixed length control field 00719nas a22002177a 4500
008 - CAMPO DE CONTROL RECURSOS CONTINUADOS
fixed length control field 120618t19859999ag ||||| |||| 00| 0 spa d
022 ## - INTERNATIONAL STANDARD SERIAL NUMBER
International Standard Serial Number 03282872
245 ## - TITULO
Titulo Alergia e Inmunologia Clinica
260 ## - PUBLICACION, DISTRIBUCION, ETC. (PIE DE IMPRENTA)
Lugar de publicación, distribución, etc Córdocba :
Nombre de la editorial, distribuidor, etc. Asociación de Asma, Alergia e Inmunología de Córdoba,
Fecha de publicación 1985
300 ## - DESCRIPCION FISICA
Extensión v.
310 ## - FRECUENCIA ACTUAL DE LA PUBLICACION
Frecuencia actual de la publicación trim
546 ## - NOTA DE IDIOMA
Nota de lenguaje Texto en español
590 ## - NOTAS LOCALES (RLIN)
Nota local Existencias: 1999 16(1-4, supl 1); 2000 17(1-4, supl 1); 2001 18(1,2); 2003 20(2); 2005 23(3,4); 2007 25(1-4)<br/>BAJA EN DEPOSITO (CAJA 16)
590 ## - NOTAS LOCALES (RLIN)
Nota local Indexada en: LILACS
650 ## - MATERIA-TERMINO TEMATICO
Término temático INMUNOLOGIA
9 (RLIN) 1731
650 ## - MATERIA-TERMINO TEMATICO
Término temático ALERGIA
9 (RLIN) 1733
650 ## - MATERIA-TERMINO TEMATICO
Término temático ASMA
9 (RLIN) 1732
856 ## - LOCALIZACION ELECTRONICA Y ACCESO
Identificador Uniforme de Recurso (URI) <a href="http://www.bvs.org.ar">http://www.bvs.org.ar</a>
856 ## - LOCALIZACION ELECTRONICA Y ACCESO
Identificador Uniforme de Recurso (URI) <a href="http://bireme.br">http://bireme.br</a>
942 ## - ADDED ENTRY ELEMENTS (KOHA)
Source of classification or shelving scheme Dewey Decimal Classification
Item type Continuing Resources

No hay ítems disponibles.


UNIVERSIDAD NACIONAL DEL COMAHUE
Biblioteca de la Facultad de Ciencias Médicas
Sede Toschi: Los Arrayanes y Av. Toschi, Cipolletti  - Rio Negro
Sede Los Tordos:  Yrigoyen al 2211, Cipolletti - Rio Negro 

Teléfono: 0299 - 4774707 int 25
Contacto: biblioteca@facimed.uncoma.edu.ar
© 2011 - 2026